Statistics for 粤港澳大湾区

Click here to take the quiz!

General Stats

  • This quiz has been taken 808 times
  • The average score is 10 of 11

Answers on the Map

Answers color-coded by a green-red scale on the quiz's map according to % correct below.
 

Answer Stats

人口% Correct
18,676,605广州
99%
17,560,000深圳
99%
7,474,200香港
99%
696,100澳门
99%
2,439,585珠海
96%
10,466,625东莞
93%
9,498,863佛山
92%
4,418,060中山
89%
6,042,852惠州
82%
4,798,090江门
77%
4,113,594肇庆
75%

Score Distribution

Percentile by Number Answered

Percent of People with Each Score

Your Score History

You have not taken this quiz